Регионална библиотека "Любен Каравелов" - Русе

Енциклопедия на свръхестествените явления (Запис номер 18785)

MARC детайли
000 -Лидер
Контролно поле с фиксирана дължина 01968nam a2200349 c 4500
003 - Код на организацията, давaща контролен номер
Контролно поле BLK
005 - Дата и час на последна редакция
Контролно поле 20180420215408.0
008 - Елементи от данни с фиксирана дължина
fixed length control field 180413b bul|||||r ||||||| ||bul||
010 ## - Наследен системен номер
LC control number KNG00020862000
020 ## - Международен стандартен номер на книга ISBN
Международен стандартен номер на книга ISBN 954-584-207-5
-- издат.: Абагар
040 ## - Източник на каталожния запис
Идентификатор на билиотеката - собственик на записа BLK
041 ## - Код за език
Код за езика на текст/звукозапис или на отделно заглавие Български
Код за езика КДБФ Български
080 ## - УДК
Текстов определител УДК Разпространяване на научните знания - популяризиране на науката, занимателна наука, учение за явленията научно необяснени, заблуждения и фалшификации, илюзии и др. п., секретност на научните знания
УДК код - определител по УДК 001.9
УДК определител
УДК - код + определител 001.9
080 ## - УДК
Текстов определител УДК Парапсихология. Нумерология. - Халюцинации, пророчества, предсказания, магии, демонология, телепатия, спиритизъм, илюзии, нумерология, мошеничество. Вж и 133 ; 398.4 ; 615.851
УДК код - определител по УДК 159.961
УДК определител
УДК - код + определител 159.961
100 1# - Редна дума - Автор
Автор Рандълс, Джени
Авторска отговорност първи автор
R(LIN) 115245
139 ## - Редно поле
Редна дума Рандълс, Джени и др.
Авторски знак Ранг - Р 35
245 10 - Сведения за заглавието
Заглавие Енциклопедия на свръхестествените явления
Редно поле (дума) Джени Рандълс; съавт. Питър Хъф.
257 ## - Страна на издаване
Страна на създаване/издаване Съединени американски щати
260 ## - Област на издателските данни
-- София
Име на издателя, разпространителя и проч. Абагар
Година на издаване 1998
Печатница Място на печат: Враца Име на печатница: Полипринт
300 ## - Физическа характеристика
Страници 288 с.
Илюстрации и др. с ил.
Размери/Мащаб 24 см
380 ## - Жанр
Жанр Общ отдел
500 ## - Общи забележки
Забележка Деп. списък: 8 Без сведение за ориг. загл ; 1 120 тир.
650 #4 - Допълнително описание по предмет – тема
Основно описание – тема или топоним Парапсихология
9 (RLIN) 165687
650 #4 - Допълнително описание по предмет – тема
Основно описание – тема или топоним Извънземни цивилизации
9 (RLIN) 242018
653 ## - Ключова дума – ненормативна
Ключова дума явления
700 1# - Други автори (авторска отговорност)
Лично име Хъф, Питър
Автороска отговорност (Описва отношението между автора и произведението) съавт.
9 (RLIN) 263174
852 ## - Местоположение
Форматна сигнатура Цб 195083
856 4# - Електронен адрес и достъп
Електронен формат pdf - файл
Път до файла /url/
856 4# - Електронен адрес и достъп
Електронен формат pdf - файл
Път до файла /url/
942 ## - АРТИКУЛИ
Вид на библиотечния материал Книги
Скрит в OPAC Не
944 ## - СЪЗДАВАНЕ И РЕДАКЦИЯ на ЗАПИСА
Създаване/Редакция Създаване
Дата на регистрацията/редакция 15.01.2003
Служител, извършил регистрацията/редакцията Кети_Илиева
944 ## - СЪЗДАВАНЕ И РЕДАКЦИЯ на ЗАПИСА
Създаване/Редакция Редакция
Дата на регистрацията/редакция 07.11.2012
Служител, извършил регистрацията/редакцията
999 ## - СИСТЕМНИ КОНТРОЛНИ НОМЕРА
Koha biblionumber 18785
Koha biblioitemnumber 18785
Наличности
Код за отписване Код за изгубен артикул Източник на класификационната схема Код за повреда Коз за рестрикции Код за отдаване Артикулен № Име на библиотеката - собственик Име на библиотеката, в която се намира в момента Статус (Текущо местоположение) Дата на вписване в системата Местоположение - отдел Цена в лева Инвентарен номер Систематично азбучна сигнатура Баркод Номер на екземпляра Цена в евро Служебна бележка Служебен тип на артикула
  Не е изгубен Universal Decimal Classification Не е повреден без рестрикции ползва се в читалня 31399 Регионална библиотека "Любен Каравелов" Русе Регионална библиотека "Любен Каравелов" Русе Читалня 2001-01-01 Читалня 6.50 637197 Ч 001(031)/Р 35 120000637197 1 3.32 Дата инв: 21.03.2017 Бележки инв: Ч2017 Книги
  Не е изгубен Universal Decimal Classification Не е повреден без рестрикции ползва се в читалня 31400 Регионална библиотека "Любен Каравелов" Русе Регионална библиотека "Любен Каравелов" Русе Хранилище 2001-01-01 Хранилище 0.00 638807 Цб 195083 120000638807 2 0.00   Книги
Vip Innovations Ltd, Rousse, Bulgaria 2025